| 000 | 00728nam a2200205 a 4500 | ||
|---|---|---|---|
| 005 | 20230601063707.0 | ||
| 008 | 991125s1992 mx 000 0 spa u | ||
| 020 | _a9700304639 | ||
| 035 | _aUPN01000003641 | ||
| 049 | _aLT | ||
| 050 | 4 |
_aLB1557 M6.3 _bM4.3 |
|
| 100 | 1 |
_aMéndez Gutiérrez, Francisco _929292 |
|
| 245 | 1 | 0 |
_aApéndice de la guía práctica, tercer grado / _cFrancisco Méndez Gutiérrez, Arcadio Moreno Aguilar, Ma. Antonieta Malváez Silva. |
| 260 |
_aMéxico : _bFernández, _c1992. |
||
| 300 | _ap. 250-344 | ||
| 650 | 4 |
_aCivismo _xEstudio y enseñanza (Elemental) _92807 |
|
| 700 | 1 |
_aMoreno Aguilar, Arcadio, _ecoaut. _929391 |
|
| 700 | 1 |
_aMalváez Silva, María Antonieta, _ecoaut. _929108 |
|
| 905 | _aLibro | ||
| 999 |
_c3641 _d3641 |
||